| 000 | 00962nam a2200229Ia 4500 | ||
|---|---|---|---|
| 003 | Ost | ||
| 005 | 20260507074911.0 | ||
| 008 | 260507s9999||||xx |||||||||||||| ||und|| | ||
| 020 | _a9773681351 | ||
| 040 | _cfsecg | ||
| 041 | _aara | ||
| 100 |
_aالصيرفي، محمد _eمؤلف |
||
| 245 | 0 |
_aإدارة الأزمات / _c محمد الصيرفي |
|
| 260 |
_aالإسكندرية: _bمؤسسة حورس الدولية, _c2007 |
||
| 300 |
_a299 صفحة؛ _bإيضاحات ؛ _c25 سم |
||
| 490 | _aسلسلة أصدارات التدريب الإداري | ||
| 504 | _aببليوغرافيا: ص.293 | ||
| 520 | _aاستبيان المنظمة والأزمة، أسباب الأزمات المنظمة، دراسة حالة، تطبيق عملي لحظة إدارة الأزمات، استبيان تحليل درجة تعرض المنظمة للأزمة | ||
| 653 | _aإدارة الأزمات | ||
| 653 | _aالمخاطر | ||
| 942 | _cكتاب | ||
| 999 |
_c41742 _d41742 |
||